Stat-Spotting : (Record no. 607820)

MARC details
000 -LEADER
fixed length control field 00488nam a2200193 a 4500
008 - FIXED-LENGTH DATA ELEMENTS--GENERAL INFORMATION
fixed length control field 260108s2008##################000#0#eng##
020 ## - INTERNATIONAL STANDARD BOOK NUMBER
ISBN 9780520257467
082 04 - DEWEY DECIMAL CLASSIFICATION NUMBER
Classification number 301.0727
Item number BES
100 1# - MAIN ENTRY--AUTHOR NAME
Personal name Best, Joel,
245 10 - TITLE STATEMENT
Title Stat-Spotting :
260 ## - PUBLICATION, DISTRIBUTION, ETC. (IMPRINT)
Name of publisher Univ of California Press,
Year of publication 2008.
300 ## - PHYSICAL DESCRIPTION
Number of Pages 152 pages
650 #0 - SUBJECT ADDED ENTRY--TOPICAL TERM
Topical Term History.
942 ## - ADDED ENTRY ELEMENTS (KOHA)
Koha item type English Books
Holdings
Withdrawn status Lost status Damaged status Not for loan Home library Current library Shelving location Date acquired Full call number Accession Number Price effective from Koha item type
        Anna Centenary Library Anna Centenary Library 3RD FLOOR, B WING 08.01.2026 301.0727 BES 164746 08.01.2026 English Books

Find us on the map